Проектирование информационной системы учёта и анализа деятельности психолога; Прогрессивные технологии и экономика в машиностроении
| Parent link: | Прогрессивные технологии и экономика в машиностроении.— 2021.— [С. 126-128] |
|---|---|
| Hovedforfatter: | |
| Institution som forfatter: | |
| Andre forfattere: | |
| Summary: | Заглавие с экрана В статье представлено описание процесса проектирования информационной системы учета и анализа деятельности психолога. Выявлены функции для автоматизации: учет режима работы, учет клиентов, анализ эффективности деятельности психолога. Проектируемая информационная система позволит сократить бумажную работу и поможет вывести конкретных психологов на новый уровень. The article describes the process of designing an information system for accounting and analysis of the psychologist's activities. The functions for automation have been identified: accounting for the operating mode, accounting for clients, analysis of the effectiveness of the psychologist's activities. The projected information system will reduce paperwork and help bring specific psychologists to a new level. |
| Sprog: | russisk |
| Udgivet: |
2021
|
| Serier: | Информационные технологии, экономика, управление |
| Fag: | |
| Online adgang: | http://earchive.tpu.ru/handle/11683/65276 |
| Format: | MixedMaterials Electronisk Book Chapter |
| KOHA link: | https://koha.lib.tpu.ru/cgi-bin/koha/opac-detail.pl?biblionumber=632762 |
MARC
| LEADER | 00000naa2a2200000 4500 | ||
|---|---|---|---|
| 001 | 632762 | ||
| 005 | 20231101133728.0 | ||
| 035 | |a (RuTPU)RU\TPU\conf\34484 | ||
| 035 | |a RU\TPU\conf\34480 | ||
| 090 | |a 632762 | ||
| 100 | |a 20210426d2021 k y0rusy50 ca | ||
| 101 | 0 | |a rus |d eng | |
| 102 | |a RU | ||
| 105 | |a y z 101zy | ||
| 135 | |a drgn ---uucaa | ||
| 181 | 0 | |a i | |
| 182 | 0 | |a b | |
| 200 | 1 | |a Проектирование информационной системы учёта и анализа деятельности психолога |f Г. Т. Ахмедова |g науч. рук. Е. В. Телипенко | |
| 203 | |a Текст |c электронный | ||
| 225 | 1 | |a Информационные технологии, экономика, управление | |
| 230 | |a 1 компьютерный файл (pdf; 226 Kb) | ||
| 300 | |a Заглавие с экрана | ||
| 320 | |a [Библиогр.: с. 128 (2 назв.)] | ||
| 330 | |a В статье представлено описание процесса проектирования информационной системы учета и анализа деятельности психолога. Выявлены функции для автоматизации: учет режима работы, учет клиентов, анализ эффективности деятельности психолога. Проектируемая информационная система позволит сократить бумажную работу и поможет вывести конкретных психологов на новый уровень. | ||
| 330 | |a The article describes the process of designing an information system for accounting and analysis of the psychologist's activities. The functions for automation have been identified: accounting for the operating mode, accounting for clients, analysis of the effectiveness of the psychologist's activities. The projected information system will reduce paperwork and help bring specific psychologists to a new level. | ||
| 463 | 0 | |0 (RuTPU)RU\TPU\conf\34439 |t Прогрессивные технологии и экономика в машиностроении |o сборник трудов XII Всероссийской научно-практической конференции для студентов и учащейся молодежи, 8-10 апреля 2021 г., Юрга |f Национальный исследовательский Томский политехнический университет (ТПУ), Юргинский технологический институт (ЮТИ) ; под ред. С. А. Солодского |v [С. 126-128] |d 2021 | |
| 610 | 1 | |a электронный ресурс | |
| 610 | 1 | |a труды учёных ТПУ | |
| 610 | 1 | |a проектирование | |
| 610 | 1 | |a информационные системы | |
| 610 | 1 | |a учет | |
| 610 | 1 | |a анализ | |
| 610 | 1 | |a деятельность | |
| 610 | 1 | |a психологи | |
| 610 | 1 | |a документооборот | |
| 610 | 1 | |a psychology | |
| 610 | 1 | |a information system | |
| 610 | 1 | |a input | |
| 610 | 1 | |a output information | |
| 610 | 1 | |a diagram | |
| 610 | 1 | |a psychologist | |
| 610 | 1 | |a psychologist's activity | |
| 610 | 1 | |a document flow | |
| 610 | 1 | |a functions | |
| 700 | 1 | |a Ахмедова |b Г. Т. | |
| 702 | 1 | |a Телипенко |b Е. В. |c специалист в области информатики и вычислительной техники |c доцент Томского политехнического университета, кандидат технических наук |f 1985- |g Елена Викторовна |2 stltpush |4 727 | |
| 712 | 0 | 2 | |a Национальный исследовательский Томский политехнический университет |b Юргинский технологический институт |c (2009- ) |h 349 |2 stltpush |3 (RuTPU)RU\TPU\col\15903 |
| 801 | 2 | |a RU |b 63413507 |c 20210512 |g RCR | |
| 856 | 4 | |u http://earchive.tpu.ru/handle/11683/65276 | |
| 942 | |c BK | ||